Capital to Country - Statistics

General Stats
  • This quiz has been taken 31 times
  • The average score is 83 of 201
Answer Stats
Answer Hint % Correct
Berlin Germany
100%
Vatican City Vatican City
100%
Djibouti Djibouti
88%
Athens Greece
88%
Tokyo Japan
88%
Copenhagen Denmark
82%
Islamabad Pakistan
82%
Bucharest Romania
82%
Luanda Angola
76%
Thimphu Bhutan
76%
N'Djamena Chad
76%
Amman Jordan
76%
Astana Kazakhstan
76%
Vilnius Lithuania
76%
Kathmandu Nepal
76%
Belgrade Serbia
76%
Ankara Turkey
76%
Bandar Seri Begawan Brunei
71%
Quito Ecuador
71%
Damascus Syria
71%
Kyiv Ukraine
71%
Washington D.C. United States
71%
Buenos Aires Argentina
65%
Vienna Austria
65%
Paris France
65%
Guatemala City Guatemala
65%
Mexico City Mexico
65%
Wellington New Zealand
65%
Oslo Norway
65%
Panama City Panama
65%
Lisbon Portugal
65%
Brazzaville Republic of the Congo
65%
Moscow Russia
65%
Seoul South Korea
65%
Bangkok Thailand
65%
Tunis Tunisia
65%
Andorra la Vella Andorra
59%
Ottawa Canada
59%
Cairo Egypt
59%
Tallinn Estonia
59%
Suva Fiji
59%
Saint George's Grenada
59%
Bissau Guinea-Bissau
59%
Georgetown Guyana
59%
New Delhi India
59%
Lilongwe Malawi
59%
Lima Peru
59%
Manila Philippines
59%
Warsaw Poland
59%
Belmopan Belize
53%
Nicosia Cyprus
53%
Prague Czech Republic
53%
Santo Domingo Dominican Republic
53%
Addis Ababa Ethiopia
53%
Helsinki Finland
53%
Budapest Hungary
53%
Reykjavik Iceland
53%
Nairobi Kenya
53%
Riga Latvia
53%
Kuala Lumpur Malaysia
53%
Pyongyang North Korea
53%
Skopje North Macedonia
53%
Juba South Sudan
53%
Bern Switzerland
53%
Tashkent Uzbekistan
53%
Manama Bahrain
47%
Brasilia Brazil
47%
Bangui Central African Republic
47%
Santiago Chile
47%
Yamoussoukro Cote d'Ivoire
47%
Zagreb Croatia
47%
Havana Cuba
47%
Tehran Iran
47%
Rome Italy
47%
Kingston Jamaica
47%
Kuwait City Kuwait
47%
Male Maldives
47%
Valletta Malta
47%
Podgorica Montenegro
47%
Windhoek Namibia
47%
Port Moresby Papua New Guinea
47%
Singapore Singapore
47%
Khartoum Sudan
47%
Montevideo Uruguay
47%
Yerevan Armenia
41%
Canberra Australia
41%
Nassau Bahamas
41%
Dhaka Bangladesh
41%
Sarajevo Bosnia & Herzegovina
41%
Ouagadougou Burkina Faso
41%
Beijing China
41%
Bogota Colombia
41%
San Jose Costa Rica
41%
Dili East Timor
41%
Malabo Equatorial Guinea
41%
Jakarta Indonesia
41%
Vientiane Laos
41%
Tripoli Libya
41%
Rabat Morocco
41%
Ramallah Palestine
41%
Doha Qatar
41%
Riyadh Saudi Arabia
41%
Bratislava Slovakia
41%
Madrid Spain
41%
Taipei Taiwan
41%
Kampala Uganda
41%
Abu Dhabi United Arab Emirates
41%
Harare Zimbabwe
41%
Kabul Afghanistan
35%
Algiers Algeria
35%
Baku Azerbaijan
35%
Minsk Belarus
35%
Brussels Belgium
35%
Tegucigalpa Honduras
35%
Baghdad Iraq
35%
Dublin Ireland
35%
Jerusalem Israel
35%
Luxembourg Luxembourg
35%
Antananarivo Madagascar
35%
Bamako Mali
35%
Ulaanbaatar Mongolia
35%
Maputo Mozambique
35%
Naypyidaw Myanmar
35%
Amsterdam Netherlands
35%
Managua Nicaragua
35%
Abuja Nigeria
35%
Kingstown Saint Vincent & the Grenadines
35%
San Marino San Marino
35%
Freetown Sierra Leone
35%
Ljubljana Slovenia
35%
Paramaribo Suriname
35%
Dushanbe Tajikistan
35%
Dodoma Tanzania
35%
Lome Togo
35%
Port-of-Spain Trinidad & Tobago
35%
London United Kingdom
35%
Caracas Venezuela
35%
Sofia Bulgaria
29%
Roseau Dominica
29%
San Salvador El Salvador
29%
Accra Ghana
29%
Monaco Monaco
29%
Basseterre Saint Kitts & Nevis
29%
Dakar Senegal
29%
Mogadishu Somalia
29%
Sri Jayawardenepura Kotte Sri Lanka
29%
Stockholm Sweden
29%
Lusaka Zambia
29%
Tirana Albania
24%
Porto-Novo Benin
24%
Gitega Burundi
24%
Phnom Penh Cambodia
24%
Kinshasa Democratic Republic of the Congo
24%
Asmara Eritrea
24%
Tbilisi Georgia
24%
Conakry Guinea
24%
Beirut Lebanon
24%
Vaduz Liechtenstein
24%
Port Louis Mauritius
24%
Chisinau Moldova
24%
Niamey Niger
24%
Apia Samoa
24%
Nuku'alofa Tonga
24%
Ashgabat Turkmenistan
24%
Hanoi Vietnam
24%
Sana'a Yemen
24%
Bridgetown Barbados
18%
Yaounde Cameroon
18%
Mbabane Eswatini
18%
Port-au-Prince Haiti
18%
South Tarawa Kiribati
18%
Nouakchott Mauritania
18%
Muscat Oman
18%
Asuncion Paraguay
18%
Kigali Rwanda
18%
Castries Saint Lucia
18%
Victoria Seychelles
18%
Funafuti Tuvalu
18%
Gaborone Botswana
12%
Moroni Comoros
12%
Libreville Gabon
12%
Banjul Gambia
12%
Pristina Kosovo
12%
Maseru Lesotho
12%
Monrovia Liberia
12%
Majuro Marshall Islands
12%
Yaren Nauru
12%
Ngerulmud Palau
12%
Honiara Solomon Islands
12%
Port Vila Vanuatu
12%
Praia Cape Verde
6%
Bishkek Kyrgyzstan
6%
Saint John's Antigua & Barbuda
0%
Cotonou Benin (de-facto)
0%
La Paz Bolivia (executive & legislative)
0%
Sucre Bolivia (judicial)
0%
Palikir Micronesia (Federated States)
0%
Sao Tome Sao Tom & Principe
0%
Pretoria South Africa (administrative)
0%
Bloemfontein South Africa (judicial)
0%
Cape Town South Africa (legislative)
0%
No matching quizzes found
Score Distribution
Percent of People with Each Score
Percentile by Number Answered
Your Score History
You have not taken this quiz